<?xml version="1.0" encoding="UTF-8"?><marc:collection xmlns:marc="http://www.loc.gov/MARC21/slim">
  <marc:record>
    <marc:leader>00000nam  2200000zi 4500</marc:leader>
    <marc:controlfield tag="001">9.896235</marc:controlfield>
    <marc:controlfield tag="003">CaOODSP</marc:controlfield>
    <marc:controlfield tag="005">20221107174248</marc:controlfield>
    <marc:controlfield tag="006">m     o  d f      </marc:controlfield>
    <marc:controlfield tag="007">cr |n|||||||||</marc:controlfield>
    <marc:controlfield tag="008">210205s1972    oncd    ob   f000 0 fre d</marc:controlfield>
    <marc:datafield tag="040" ind1=" " ind2=" ">
      <marc:subfield code="a">CaOODSP</marc:subfield>
      <marc:subfield code="b">fre</marc:subfield>
      <marc:subfield code="e">rda</marc:subfield>
      <marc:subfield code="c">CaOODSP</marc:subfield>
    </marc:datafield>
    <marc:datafield tag="041" ind1=" " ind2=" ">
      <marc:subfield code="a">eng</marc:subfield>
      <marc:subfield code="a">fre</marc:subfield>
    </marc:datafield>
    <marc:datafield tag="043" ind1=" " ind2=" ">
      <marc:subfield code="a">n-cn---</marc:subfield>
    </marc:datafield>
    <marc:datafield tag="086" ind1=" " ind2=" ">
      <marc:subfield code="a">Z1-1963/1-2-11-PDF</marc:subfield>
      <marc:subfield code="z">Z1-1963-/1-2/11</marc:subfield>
    </marc:datafield>
    <marc:datafield tag="100" ind1="1" ind2=" ">
      <marc:subfield code="a">Beattie, Christopher,‏ ‎</marc:subfield>
      <marc:subfield code="d">1941-1977 </marc:subfield>
      <marc:subfield code="e">auteur.</marc:subfield>
    </marc:datafield>
    <marc:datafield tag="245" ind1="1" ind2="0">
      <marc:subfield code="a">Bureaucratic careers : </marc:subfield>
      <marc:subfield code="b">anglophones and francophones in the Canadian Public Service / </marc:subfield>
      <marc:subfield code="c">Christopher Beattie, Jacques Désy, Stephen Longstaff.</marc:subfield>
    </marc:datafield>
    <marc:datafield tag="264" ind1=" " ind2="1">
      <marc:subfield code="a">Ottawa : </marc:subfield>
      <marc:subfield code="b">Royal Commission on Bilingualism and Biculturalism : </marc:subfield>
      <marc:subfield code="b">Information Canada, </marc:subfield>
      <marc:subfield code="c">1972.</marc:subfield>
    </marc:datafield>
    <marc:datafield tag="300" ind1=" " ind2=" ">
      <marc:subfield code="a">1 ressource en ligne (xlv, 652 pages) : </marc:subfield>
      <marc:subfield code="b">graphiques.</marc:subfield>
    </marc:datafield>
    <marc:datafield tag="336" ind1=" " ind2=" ">
      <marc:subfield code="a">texte</marc:subfield>
      <marc:subfield code="b">txt</marc:subfield>
      <marc:subfield code="2">rdacontent/fre</marc:subfield>
    </marc:datafield>
    <marc:datafield tag="337" ind1=" " ind2=" ">
      <marc:subfield code="a">informatique</marc:subfield>
      <marc:subfield code="b">c</marc:subfield>
      <marc:subfield code="2">rdamedia/fre</marc:subfield>
    </marc:datafield>
    <marc:datafield tag="338" ind1=" " ind2=" ">
      <marc:subfield code="a">ressource en ligne</marc:subfield>
      <marc:subfield code="b">cr</marc:subfield>
      <marc:subfield code="2">rdacarrier/fre</marc:subfield>
    </marc:datafield>
    <marc:datafield tag="490" ind1="1" ind2=" ">
      <marc:subfield code="a">Documents de la Commission royale d'enquête sur le bilinguisme et le biculturalisme ; </marc:subfield>
      <marc:subfield code="v">11</marc:subfield>
    </marc:datafield>
    <marc:datafield tag="500" ind1=" " ind2=" ">
      <marc:subfield code="a">Édition numérisée de l’imprimé [par le Bureau du Conseil privé].</marc:subfield>
    </marc:datafield>
    <marc:datafield tag="504" ind1=" " ind2=" ">
      <marc:subfield code="a">Comprend des références bibliographiques.</marc:subfield>
    </marc:datafield>
    <marc:datafield tag="505" ind1="0" ind2=" ">
      <marc:subfield code="a">Acknowledgements -- List of Tables -- List of Figures -- Introduction -- Section I: Research Aims and Design -- Historical Background and Research Design -- Section II: The Structure of Federal Administration -- A Cross-Section of the Federal Public Service -- The Five Departments: Their Major Characteristics -- Career Types and Representative Bureaucracy -- Section III: The Human Resources Drawn into the Public Service -- The Social Origins and Education of the Careerists -- Work Experience Outside the Public Service -- Joining the Federal Administration -- Section IV: The Public Service as a Career Setting -- Career Patterns -- Getting to the "Top" -- Satisfaction with Career -- Satisfaction with Community -- Section V: Four Special Careers -- Introduction -- The Finance Officer: Policy-Maker in a Glamour Department -- The Agricultural Researcher: Scientists in an International Community -- La carrière de traducteur: un certain refuge -- The Patent Examiner: Engineer in Search of Security -- Section VI: Language and Culture -- Les connaissances linguistiques et l'emploi des langues -- L'acculturation des francophones, un processus singulier? -- Taking French Lessons: One Step Towards a Bilingual Public Service -- Anglophone Reaction to the Emphasis on Bilingualism and Biculturalism -- La réaction des francophones aux promesses du bilinguisme et du biculturalisme -- Conclusions -- Section VII: Appendices -- Notes to Chapters.</marc:subfield>
    </marc:datafield>
    <marc:datafield tag="520" ind1=" " ind2=" ">
      <marc:subfield code="a">« How well do the operations of the Public Service reflect the duality of Canadian society? This in the broadest sense is the question with which our study began. Like the governmental bureaucracies of other modern, affluent countries, the Canadian federal Public Service faces three requirements which organizations in the private sector do not always share: first, it must be open to and representative of the population it serves; second, it must be sensitive to the needs and wants of diverse population and interest groups; and third, it must provide services and information in an idiom that is understandable to the population at large. In this study it is the first problem—the problem of participation and representation—that engages our attention » -- Introduction, page xliv.</marc:subfield>
    </marc:datafield>
    <marc:datafield tag="546" ind1=" " ind2=" ">
      <marc:subfield code="a">Texte en français et en anglais.</marc:subfield>
    </marc:datafield>
    <marc:datafield tag="650" ind1=" " ind2="6">
      <marc:subfield code="a">Bilinguisme</marc:subfield>
      <marc:subfield code="z">Canada.</marc:subfield>
    </marc:datafield>
    <marc:datafield tag="650" ind1=" " ind2="6">
      <marc:subfield code="a">Biculturalisme</marc:subfield>
      <marc:subfield code="z">Canada.</marc:subfield>
    </marc:datafield>
    <marc:datafield tag="650" ind1=" " ind2="6">
      <marc:subfield code="a">Fonction publique</marc:subfield>
      <marc:subfield code="z">Canada.</marc:subfield>
    </marc:datafield>
    <marc:datafield tag="710" ind1="1" ind2=" ">
      <marc:subfield code="a">Canada. </marc:subfield>
      <marc:subfield code="b">Commission royale d'enquête sur le bilinguisme et le biculturalisme, </marc:subfield>
      <marc:subfield code="e">organisme de publication.</marc:subfield>
    </marc:datafield>
    <marc:datafield tag="791" ind1=" " ind2=" ">
      <marc:subfield code="t">Bureaucratic careers : </marc:subfield>
      <marc:subfield code="e">eng</marc:subfield>
      <marc:subfield code="w">(CaOODSP)9.896170</marc:subfield>
    </marc:datafield>
    <marc:datafield tag="830" ind1="#" ind2="0">
      <marc:subfield code="a">Documents de la Commission royale d'enquête sur le bilinguisme et le biculturalisme ;</marc:subfield>
      <marc:subfield code="v">11</marc:subfield>
      <marc:subfield code="w">(CaOODSP)9.873209</marc:subfield>
    </marc:datafield>
    <marc:datafield tag="856" ind1="4" ind2="0">
      <marc:subfield code="q">PDF</marc:subfield>
      <marc:subfield code="s">238.91 Mo</marc:subfield>
      <marc:subfield code="u">https://publications.gc.ca/collections/collection_2021/bcp-pco/Z1-1963-1-2/Z1-1963-1-2-11.pdf</marc:subfield>
    </marc:datafield>
  </marc:record>
</marc:collection>
